| 000 | 02115nam a22004214a 4500 | ||
|---|---|---|---|
| 001 | ebr10196601 | ||
| 003 | CaPaEBR | ||
| 006 | m u | ||
| 007 | cr cn||||||||| | ||
| 008 | 070525s2007 dcua sb 101 0 eng | ||
| 010 | _z 2007929665 | ||
| 020 | _z9781586037666 (hbk.) | ||
| 040 |
_aCaPaEBR _cCaPaEBR |
||
| 035 | _a(OCoLC)647673682 | ||
| 043 | _an-us--- | ||
| 050 | 1 | 4 |
_aT174.5 _b.N369 2006 _aHC79.C3eb |
| 111 | 2 |
_aNATO Advanced Research Workshop on Computational Models of Risks to Infrastructure _d(2006 : _cPrimo�sten, Croatia) |
|
| 245 | 1 | 0 |
_aComputational models of risks to infrastructure _h[electronic resource] / _c[edited by] Dejan Skanata, Daniel M. Byrd. |
| 260 |
_aAmsterdam, Netherlands ; _aWashington, DC : _bIOS Press, _c2007. |
||
| 300 |
_aix, 329 p. : _bill. |
||
| 490 | 0 |
_aNATO science for peace and security series. D, Information and communication security, _x1874-6268 ; _vv. 13 |
|
| 500 | _a"Proceedings of the NATO Advanced Research Workshop on Computational Models of Risks to Infrastructure, Primosten, Croatia, 9-13 May 2006"--T.p. verso. | ||
| 500 | _a"Published in cooperation with NATO Public Diplomacy Division." | ||
| 504 | _aIncludes bibliographical references and index. | ||
| 533 |
_aElectronic reproduction. _bPalo Alto, Calif. : _cebrary, _d2013. _nAvailable via World Wide Web. _nAccess may be limited to ebrary affiliated libraries. |
||
| 650 | 0 |
_aRisk assessment _xComputer simulation _vCongresses. |
|
| 650 | 0 |
_aHazard mitigation _xComputer simulation _vCongresses. |
|
| 650 | 0 |
_aInfrastructure (Economics) _xSecurity measures _vCongresses. |
|
| 650 | 0 |
_aEmergency management _vCongresses. |
|
| 650 | 0 |
_aTerrorism _xPrevention _vCongresses. |
|
| 655 | 7 |
_aElectronic books. _2local |
|
| 700 | 1 | _aSkanata, Dejan. | |
| 700 | 1 | _aByrd, Daniel M. | |
| 710 | 2 |
_aNorth Atlantic Treaty Organization. _bPublic Diplomacy Division. |
|
| 710 | 2 | _aNATO Science for Peace and Security Programme. | |
| 710 | 2 | _aebrary, Inc. | |
| 856 | 4 | 0 |
_uhttp://site.ebrary.com/lib/rucke/Doc?id=10196601 _zAn electronic book accessible through the World Wide Web; click to view |
| 999 |
_c115606 _d115606 |
||